<?xml version="1.0" encoding="UTF-8"?><?xml-stylesheet type="text/xsl" href="static/style.xsl"?><OAI-PMH xmlns="http://www.openarchives.org/OAI/2.0/" xmlns:xsi="http://www.w3.org/2001/XMLSchema-instance" xsi:schemaLocation="http://www.openarchives.org/OAI/2.0/ http://www.openarchives.org/OAI/2.0/OAI-PMH.xsd"><responseDate>2026-04-13T04:14:14Z</responseDate><request verb="GetRecord" identifier="oai:www.recercat.cat:2445/191613" metadataPrefix="marc">https://recercat.cat/oai/request</request><GetRecord><record><header><identifier>oai:recercat.cat:2445/191613</identifier><datestamp>2025-11-19T11:00:11Z</datestamp><setSpec>com_2072_1057</setSpec><setSpec>col_2072_478821</setSpec><setSpec>col_2072_478917</setSpec></header><metadata><record xmlns="http://www.loc.gov/MARC21/slim" xmlns:dcterms="http://purl.org/dc/terms/" xmlns:xsi="http://www.w3.org/2001/XMLSchema-instance" xmlns:doc="http://www.lyncode.com/xoai" xsi:schemaLocation="http://www.loc.gov/MARC21/slim http://www.loc.gov/standards/marcxml/schema/MARC21slim.xsd">
   <leader>00925njm 22002777a 4500</leader>
   <datafield ind2=" " ind1=" " tag="042">
      <subfield code="a">dc</subfield>
   </datafield>
   <datafield ind2=" " ind1=" " tag="720">
      <subfield code="a">Garcia Benadi, Albert</subfield>
      <subfield code="e">author</subfield>
   </datafield>
   <datafield ind2=" " ind1=" " tag="720">
      <subfield code="a">Bech, Joan</subfield>
      <subfield code="e">author</subfield>
   </datafield>
   <datafield ind2=" " ind1=" " tag="720">
      <subfield code="a">Udina Sistach, Mireia</subfield>
      <subfield code="e">author</subfield>
   </datafield>
   <datafield ind2=" " ind1=" " tag="720">
      <subfield code="a">Campistron, Bernard</subfield>
      <subfield code="e">author</subfield>
   </datafield>
   <datafield ind2=" " ind1=" " tag="720">
      <subfield code="a">Paci, Alexandre</subfield>
      <subfield code="e">author</subfield>
   </datafield>
   <datafield ind2=" " ind1=" " tag="260">
      <subfield code="c">2022-12-15T18:15:39Z</subfield>
   </datafield>
   <datafield ind2=" " ind1=" " tag="260">
      <subfield code="c">2022-12-15T18:15:39Z</subfield>
   </datafield>
   <datafield ind2=" " ind1=" " tag="260">
      <subfield code="c">2022</subfield>
   </datafield>
   <datafield ind2=" " ind1=" " tag="260">
      <subfield code="c">2022-12-15T18:15:40Z</subfield>
   </datafield>
   <datafield ind2=" " ind1=" " tag="520">
      <subfield code="a">A methodology to process radar wind profiler Doppler spectra is presented and implemented for an UHF Degreane PCL1300 system. First, double peak signal detection is conducted at each height level and, then, vertical continuity checks for each radar beam ensure physically consistent measurements. Second, horizontal and vertical wind, kinetic energy flux components, Doppler moments, and different precipitation-related variables are computed. The latter include a new precipitation type estimate, which considers rain, snow, and mixed types, and, finally, specific variables for liquid precipitation, including drop size distribution parameters, liquid water content and rainfall rate. The methodology is illustrated with a 48 h precipitation event, recorded during the Cerdanya-2017 field campaign, carried out in the Eastern Pyrenees. Verification is performed with a previously existing process for wind profiler data regarding wind components, plus precipitation estimates derived from Micro Rain Radar and disdrometer observations. The results indicated that the new methodology produced comparable estimates of wind components to the previous methodology (Bias &lt; 0.1 m/s, RMSE ≈ 1.1 m/s), and was skilled in determining precipitation type when comparing the lowest estimate of disdrometer data for snow and rain, but did not correctly identify mixed precipitation cases. The proposed methodology, called UBWPP, is available at the GitHub repository.</subfield>
   </datafield>
   <datafield tag="653" ind2=" " ind1=" ">
      <subfield code="a">Radar</subfield>
   </datafield>
   <datafield tag="653" ind2=" " ind1=" ">
      <subfield code="a">Efecte de Doppler</subfield>
   </datafield>
   <datafield tag="653" ind2=" " ind1=" ">
      <subfield code="a">Vents</subfield>
   </datafield>
   <datafield tag="653" ind2=" " ind1=" ">
      <subfield code="a">Radar</subfield>
   </datafield>
   <datafield tag="653" ind2=" " ind1=" ">
      <subfield code="a">Doppler effect</subfield>
   </datafield>
   <datafield tag="653" ind2=" " ind1=" ">
      <subfield code="a">Winds</subfield>
   </datafield>
   <datafield ind2="0" ind1="0" tag="245">
      <subfield code="a">Multiple Characteristics of Precipitation Inferred from Wind Profiler Radar Doppler Spectra</subfield>
   </datafield>
</record></metadata></record></GetRecord></OAI-PMH>